|
|
|
|
| LEADER |
00000cam a2200000 a 4500 |
| 001 |
24037 |
| 003 |
Ucuenca |
| 005 |
20230308180525.0 |
| 008 |
994110|1994 sz |||||r|||||||||||spa|| |
| 020 |
|
|
|a 92 4 356161 8
|
| 040 |
|
|
|b spa
|
| 041 |
1 |
|
|a spa
|
| 082 |
0 |
|
|a 614.532
|
| 110 |
2 |
|
|a Organización Mundial de la Salud.
|g OMS
|9 2528
|
| 245 |
|
|
|a Una estrategia mundial para combatir el paludismo
|c Organización Mundial de la Salud
|h imp
|
| 264 |
|
|
|a Ginebra
|b OMS
|c 1994
|
| 300 |
|
|
|a ix, 34 páginas:
|b map
|c 23.5 cm
|
| 650 |
|
|
|a Paludismo-Prevencion y control
|9 87973
|
| 852 |
|
|
|a UC-SALUD
|f Donación
|l 1
|m General
|p 19941108
|q $ 100
|t 24037
|b 0
|d CDRS
|e CDRS
|g 614.532
|z 1994-41-10
|
| 942 |
|
|
|c BK
|
| 999 |
|
|
|c 53127
|d 53127
|